|
|
|
|
| LEADER |
00000nam1a2200000 4500 |
| 001 |
138082 |
| 005 |
20231031141303.0 |
| 010 |
|
|
|a 9785383000229
|
| 035 |
|
|
|a (RuTPU)RU\TPU\book\149629
|
| 090 |
|
|
|a 138082
|
| 100 |
|
|
|a 20080520d2007 m y0rusy50 ca
|
| 101 |
0 |
|
|a rus
|a eng
|
| 102 |
|
|
|a RU
|
| 200 |
1 |
|
|a Атлас конструкций деталей турбин
|a Atlas of Turbine Parts Design
|e учебное пособие: в 2 ч.
|f А. Д. Трухний, Б. Н. Крупенников, А. Н. Троицкий
|g Московский энергетический институт (Технический университет) (МЭИ (ТУ))
|
| 205 |
|
|
|a 3-е изд., перераб. и доп.
|
| 210 |
|
|
|a Москва
|c Издательский дом МЭИ
|d 2007
|
| 700 |
|
1 |
|a Трухний
|b А. Д.
|g Алексей Данилович
|
| 701 |
|
1 |
|a Крупенников
|b Б. Н.
|g Борис Николаевич
|
| 701 |
|
1 |
|a Троицкий
|b А. Н.
|g Александр Николаевич
|
| 712 |
0 |
2 |
|a Московский энергетический институт (Технический университет) (МЭИ (ТУ))
|2 stltpush
|3 (RuTPU)RU\TPU\col\122
|
| 801 |
|
1 |
|a RU
|b 63413507
|c 20080520
|g PSBO
|
| 942 |
|
|
|c BK
|